Culture Générale - Série 2168 - Statistiques

Statistiques générales
  • Ce quiz a été pris 100 fois
  • Le résultat moyen est 5 sur 10
Statistiques - réponses
Question Réponse % Correct
Qu'est-ce qu'un pleurote ? champignon
91%
Avec quel pays autre que l'Algérie, la Tunisie a-t-elle une frontière ? Libye
78%
Comment traduit-on le mot "lard" en anglais ? bacon
65%
Selon l'expression : dans quoi met-on la main lorsqu'on veut aider quelqu'un ? - 4 lettres pâte
62%
Dans quel dessin animé de Walt Disney trouve-t-on les personnages de "Grand coquin" et de "Figaro" ? Pinocchio
54%
Qui fut le 1er Président de la 4° République française ? prénom et nom - voir photo Vincent Auriol
48%
Quel cétacé est aussi appelé "rorqual bleu" ? 2 mots baleine bleue
46%
C'est un coquillage de mer ou un fruit à coque amande
31%
Sous-produit fibreux non tissé issu essentiellement du travail du chanvre ou du lin étoupe
5%
Noeud coulant destiné à chasser le gibier.- 4 lettres commençant par " l " lacs
4%
Aucun quiz correspondant
Distribution des résultats
% des personnes avec chaque résultat
Percentile par nombre de réponses
Votre historique - résultats
Vous n’avez pas pris ce quiz